000 00471nam a2200181Ia 4500
001 9289
005 20260306161707.0
008 260306t2021||||xx |||||||||||||| ||spa||
041 _aESP
082 _a378.0712
_bB83
100 _aBriel, Don J.,
_eAUT
245 0 _aWhat we hold in trust :
_brediscovering the purpose of catholic higher education
260 _c2021
300 _a159 páginas :
_c18 cm.
650 _aGEN
654 _aCHU
942 _cLIB
_dJUS
_fJUS
_2ddc
_n
999 _c9289
_d9289